| 000 | 00524cam a2200205ua 4500 | ||
|---|---|---|---|
| 001 | 11605 | ||
| 005 | 20260515114756.0 | ||
| 008 | 191011n ii |||gr||||Z||||||eng | ||
| 020 | _a9789382007241 | ||
| 040 | _cMAIN | ||
| 082 | _a338.04 | ||
| 100 |
_aS.K.Panneer Selvam, _eAuthor. |
||
| 245 |
_aSocial & rural entrepreneurship _cBy S.K.Panneer Selvam |
||
| 250 | _a1st ed. | ||
| 260 |
_aNew Delhi: _bDominant publishers, _c2015. |
||
| 300 | _a256p. | ||
| 653 | _aProduction | ||
| 653 | _aentrepreneurship | ||
| 942 | _cBK | ||
| 999 |
_c10411 _d10411 |
||